000 01768cam a22004814i 4500
003 PE-LiUPU
005 20250731173004.0
008 150623s r 000 0 d
020 _a0802844049
035 _a(Sirsi) i9780802844040
040 _aPE-LiUPU
_bspa
_cPE-LiUPU
_erda
049 _aPRUA
082 0 4 _a223.706
_bE92
_221
100 1 _aEstes, Daníel J.,
_d1953-,
_eautor.
245 1 0 _aHear, my son :
_bteaching and learning in proverbs 1-9 /
_cDaniel J. estes.
264 1 _aGrand Rapids, Michigan :
_bWilliam B. Eerdmans Publishing Co.,
_c1997.
300 _a174 páginas ;
_c23 centímetros
336 _atext
_2rdacontent
337 _aunmediated
_2rdamedia
338 _avolume
_2rdacarrier
490 0 _aNew Studies in Biblical Theology ;
_v4
504 _aIncluye bibliografía.
505 0 _aThe worldview of proverbs 1-9. -Values for education. -Goals for education. -Curriculum for education. -Process of instruction. -Role of the teacher. -Role of the learner.
526 _aSEG42
526 _aSEG41
526 _aSEG40
526 _aSEG39
526 _aP94
526 _aP87
526 _aP86
526 _aP85
526 _aP77
526 _aP76
526 _aP35
630 _aBiblia.
_pA.T.
_pProverbios
_xCrítica, interpretación, etc.
650 0 4 _aEducación en la biblia.
942 _2ddc
_cBOOK
949 _a223.706 E92
_wDEWEY
_c1
_i45610
_lCCODEBUL1
_mBUL
_r0
_sY
_tBOOK
_u2015-6-24
_xTEOLOGIA
_PP35
_0COMPRA
_o.STAFF. Colección General
994 _aC0
_bPEPRU
596 _a1
999 _a223.706 E92
_wDEWEY
_c22479
_i45610
_f2021-11-11
_g5
_lCCODEBUL1
_mBUL
_r0
_sY
_tBOOK
_u2015-6-24
_xTEOLOGIA
_PP35
_0COMPRA
_o.STAFF. Colección General
_d22479
980 _81
_gALBERTO SANCHEZ Responsable de Automatización